Assessment of the water fluxes from the Black Sea to the Mediterranean using a coastal HF radar = Εκτίμηση των ροών της Μαύρης Θάλασσας προς τη Μεσόγειο με χρήση παράκτιου συστήματος καταγραφής ρευμάτων (HF radar)

Αποθηκεύτηκε σε:
Λεπτομέρειες βιβλιογραφικής εγγραφής
Κύριος συγγραφέας: Κοκκίνη, Ζωή
Συγγραφή απο Οργανισμό/Αρχή: Πανεπιστήμιο Αιγαίου Σχολή Περιβάλλοντος Τμήμα Επιστημών της Θάλασσας
Μορφή: Thesis Βιβλίο
Γλώσσα:English
Δημοσίευση: 2015.
Ετικέτες: Προσθήκη ετικέτας
Δεν υπάρχουν, Καταχωρήστε ετικέτα πρώτοι!

MARC

LEADER 00000cam a2200000 a 4500
001 1/121049
008 200304s2015####enk| ||| |||| ||eng||
040 |a GR-MyUa  |b gre  |c GR-MyUa  |e AACR2 
041 0 |a eng 
082 7 |a 0000  |2 (23) 
100 1 |a Κοκκίνη, Ζωή. 
245 1 0 |a Assessment of the water fluxes from the Black Sea to the Mediterranean using a coastal HF radar = Εκτίμηση των ροών της Μαύρης Θάλασσας προς τη Μεσόγειο με χρήση παράκτιου συστήματος καταγραφής ρευμάτων (HF radar) /   |c Ζωή Θ. Κοκκίνη ; επιβλέπων καθηγητής: Ζερβάκης Βασίλης.  
246 1 |i Παράλληλος τίτλος:   |a Εκτίμηση των ροών της Μαύρης Θάλασσας προς τη Μεσόγειο με χρήση παράκτιου συστήματος καταγραφής ρευμάτων (HF radar).  
260 |c 2015.  
300 |a 104 σ. :   |b χάρτες,   |c 2015.  
502 |a Διατριβή (διδακτορική) - Πανεπιστήμιο Αιγαίου, Μυτιλήνη, 2015.  
504 |a Περιλαμβάνει βιβλιογραφία.  
506 0 |a Ηλεκτρονική διάθεση στο πλήρες κείμενο - ελεύθερης πρόσβασης.  
700 1 |a Ζερβάκης, Βασίλης,  |e dgs 
710 2 |a Πανεπιστήμιο Αιγαίου  |b Σχολή Περιβάλλοντος  |b Τμήμα Επιστημών της Θάλασσας. 
852 |a INST  |b LESVOS  |c EUDOXUS  |e 20200304  |h 524  |p 005100062600  |q 005100062600  |t PHD  |y 23 
920 |a Κοκκίνη  |b Ζωή Τ.   |y Λέσβος  |z 2017-07 
970 |a Καμάτσου  |b Δέσποινα  |z 04-03-2020